01268nam a2200181 a 450000100060000000300090000600800410001502000150005604000280007108200170009910000280011624500500014426000630019430000110025750507560026865000370102465000250106117138CO-ViMGA141112s2004 ck r 000 u spa d a9586550788 aCO-ViMGAbspacCO-ViMGA04a616.96 L653c1 aLondoño Morales, Ivan10aClínica y complicaciones de las parasitosis aMedellín (Antioquia), cUniversidad de Antioquia, c1993 a712.p. aDiarreas Amibiasis intestinal Amibiasis hepática Amibiasis pleuropulmonar Amibiasis peritoneal Amibiasis pericárdica Amibiasis cutánea Amibiasis urogenital Amibiasis cerebral Infección humana por amibas de vida libre Balantidiasis Giardiasis Cryptosporidiosis Sarcocystosis Neumocistosis o neumonía de celulas plasmáticas Helmintología Ascariasis Tricocefalosis Oxiuriasis o entorobiasis Uncinariasis o anquilostomiasis Estrongiloidiasis Síndrome de migración larvaria Filariasis Teniasis Himenolepiasis Cisticercosis Hidatidosis Tremátodos Fascioliasis Paragonimiasis Malaria o paludismo Leishmaniasis Tripanosomiasis Toxoplasmosis Enfermedades producidas y transmitidas por artrópodos - Vectores Esquistosomiasis o bilharziasis14aGUSANOS - PARASITOS INTESTINALES14aPARASITOLOGIA MEDICA